000
00212 a2200097 4500
001
45292
100
_a
Lent H.B
245
_a
The helicopter book
260
_a
New York
_b
The Macmillan
_c
090
_c
28473
_d
28473
942
_a
NUST-CAE
_c
M
_c
20528
999
_c
280365
_d
280365